Recognizing native shrubs /

Bibliographic Details
Main Author: Grimm, William Carey, 1907-
Format: Book
Language:English
Published: Harrisburg, Pa. : Stackpole Books, [1966]
Subjects:

MARC

Tag First Indicator Second Indicator Subfields
LEADER 00000cam a22000001 4500
001 in00000043331
005 20151007072755.0
008 711012s1966 paua b 00010 eng
010 |a  66012781  
035 |a (OCoLC)00552389 
035 |9 AAE8529AM 
040 |a DLC  |c DLC  |d OCL  |d TXA  |d UtOrBLW 
043 |a n-us--- 
049 |a TXAM  |c [455321] 
050 0 0 |a QK481  |b .G8 
082 0 |a 582.170973 
092 |a 582.17  |b G864r, 1966 
100 1 |a Grimm, William Carey,  |d 1907- 
245 1 0 |a Recognizing native shrubs /  |c text and illus. by William Carey Grimm. 
264 1 |a Harrisburg, Pa. :  |b Stackpole Books,  |c [1966] 
300 |a 319 pages :  |b illustrations ;  |c 23 cm. 
336 |a text  |b txt  |2 rdacontent 
337 |a unmediated  |b n  |2 rdamedia 
338 |a volume  |b nc  |2 rdacarrier 
504 |a Bibliography: pages 279-280. 
650 0 |a Shrubs  |z United States. 
999 |a MARS 
999 f f |s c0a728eb-40d0-3f55-a489-435e5f07909f  |i 9d49bbfe-625e-3cb6-a371-452ec3b2c802  |t 0 
952 f f |p ric  |a Texas A&M University  |b Rellis Campus  |c Joint Library Facility  |d Remote Storage  |t 0  |e QK481 .G8  |h Library of Congress classification  |i unmediated -- volume  |m A14800995812 
998 f f |a QK481 .G8  |t 0  |l Remote Storage